| 000 | 00621nam a2200181Ia 4500 | ||
|---|---|---|---|
| 008 | 090630s9999 xx 000 0 und d | ||
| 082 | _b4732 | ||
| 100 | _aजाधव रा. ग. | ||
| 245 |
_aसाहित्य आणि सामाजिक. _cजाधव रा. ग. |
||
| 260 |
_bकॉन्टीनेंटल. _c1975 |
||
| 300 | _a90 | ||
| 600 | _aजाधव रा. ग. | ||
| 630 | _aसाहित्य आणि सामाजिक. | ||
| 655 | _aइतर. | ||
| 700 | _aजाधव रा. ग. | ||
| 730 | _aसाहित्य आणि सामाजिक. | ||
| 942 | _cBOOK | ||
| 999 |
_c256588 _d256588 |
||